Central Library OPAC University of Rajshahi

রেফারেন্স সার্ভিস ও বাংলা আকরগ্রন্থ / (Record no. 45444)

MARC details
000 -LEADER
fixed length control field 01134nam a2200241 a 4500
001 - CONTROL NUMBER
control field 45444
003 - CONTROL NUMBER IDENTIFIER
rucl marc code BD-RjUL
005 - DATE AND TIME OF LATEST TRANSACTION
control field 20211209054020.0
008 - FIXED-LENGTH DATA ELEMENTS--GENERAL INFORMATION
fixed length control field 160726s1987 i |||| b||| 001 0 ben d
035 ## - SYSTEM CONTROL NUMBER
System control number (BD-RjUL)45562
040 ## - CATALOGING SOURCE
Original cataloging agency BD-RjUL
Language of cataloging ben
Transcribing agency BD-RjUL
041 ## - LANGUAGE CODE
Language code of text/sound track or separate title ben
082 ## - DEWEY DECIMAL CLASSIFICATION NUMBER
Edition number 23
Classification number 025.52
Author mark and year CHR 1987
100 10 - MAIN ENTRY--PERSONAL NAME
Personal name চক্রবতী, ভুবনেশ্বর
9 (RLIN) 139132
245 10 - TITLE STATEMENT
Title রেফারেন্স সার্ভিস ও বাংলা আকরগ্রন্থ /
Statement of responsibility, etc. ভুবনেশ্বর চক্রবতী ও শতদ্রুশোভন চক্রবতী
260 ## - PUBLICATION, DISTRIBUTION, ETC. (IMPRINT)
Place of publication, distribution, etc. কলিকাতা :
Name of publisher, distributor, etc. দি ওয়ার্ল্ড প্রেস প্রাইভেট লিমিটড,
Date of publication, distribution, etc. ১৯৮৭
300 ## - PHYSICAL DESCRIPTION
Pagination ৪১৫ পৃ. ;
Size ২১ সেমি.
504 ## - BIBLIOGRAPHY, ETC. NOTE
Bibliography, etc পাঠ সহায়িকা ও নির্দেশিকা সংযুক্ত
650 ## - SUBJECT ADDED ENTRY--TOPICAL TERM
Topical term or geographic name as entry element রেফারেন্স সার্ভিস
9 (RLIN) 139133
Topical term or geographic name as entry element Reference Service
9 (RLIN) 139134
700 ## - ADDED ENTRY--PERSONAL NAME
Personal name শতদ্রুশোভন চক্রবতী
942 ## - ADDED ENTRY ELEMENTS (KOHA)
Source of classification or shelving scheme Dewey Decimal Classification
Koha item type Books
Holdings
Lost status Source of classification or shelving scheme Damaged status Not for loan Collection code Permanent Location Current Location Shelving location Date acquired Cost, normal purchase price Total Checkouts Full call number Date last seen Copy number Koha item type Source of acquisition
  Dewey Decimal Classification     Non-fiction Central Library, University of Rajshahi Central Library, University of Rajshahi   09/02/1993 130.00   B 025.52 CHR 1987 26/07/2016 C-2 Books  
  Dewey Decimal Classification   Not For Loan Rare Books Central Library, University of Rajshahi Central Library, University of Rajshahi Rare Book Section 05/05/1992     BRA 025.52 CHR 1987 19/01/2020 C-1 Books Photocopy, RUCL